[Event "LSS No Engine Cup 64 Final"]
[Site "LSS email"]
[Date "2013.01.01"]
[Round "?"]
[White "Murphy, Jones"]
[Black "Zuttion, Stella Maris"]
[Result "1-0"]
[WhiteElo "1321"]
[BlackElo "1404"]
[PlyCount "51"]
[EventDate "2013.01.02"]
[EventType "tourn (corr)"]
[EventRounds "6"]
[EventCountry "GER"]
[SourceTitle "Telechess CBM 161"]
[Source "ChessBase"]
[SourceDate "2014.07.16"]
[SourceVersion "1"]
[SourceVersionDate "2014.07.16"]
[SourceQuality "1"]

1. d4 c5 2. d5 d6 3. c4 g6 4. Nc3 Bg7 5. e4 e6 6. Bd3 exd5 7. exd5 Nf6 8. Nge2 0-0 9. 0-0 Nbd7 10. f4 a6 11. a4 b6 12. Qc2 Re8 13. b3 Ng4 14. Rf3 f5 15. h3 Nh6 16. Bb2 Nf6 17. Rff1 Ne4 18. Rae1 Bd7 19. Kh2 Qh4 20. Bxe4 fxe4 21. Ng3 Nf5 22. Ncxe4 Nxg3 23. Nxg3 Rxe1 24. Rxe1 Bxb2 25. Qxb2 Qxf4 26. Re7 1-0

[Event "LSS No Engine Cup 64 Final"]
[Site "LSS email"]
[Date "2013.01.01"]
[Round "?"]
[White "Zuttion, Stella Maris"]
[Black "Crapulli, Giuseppe"]
[Result "0-1"]
[WhiteElo "1404"]
[BlackElo "1647"]
[PlyCount "56"]
[EventDate "2013.01.02"]
[EventType "tourn (corr)"]
[EventRounds "6"]
[EventCountry "GER"]
[SourceTitle "Telechess CBM 161"]
[Source "ChessBase"]
[SourceDate "2014.07.16"]
[SourceVersion "1"]
[SourceVersionDate "2014.07.16"]
[SourceQuality "1"]

1. e4 c5 2. Nc3 Nc6 3. g3 g6 4. Bg2 Bg7 5. d3 d6 6. Nge2 e6 7. 0-0 Nge7 8. Be3 0-0 9. Qd2 Nd4 10. Nd1 Rb8 11. Nc1 b5 12. c3 Ndc6 13. Bh6 b4 14. Bxg7 Kxg7 15. d4 bxc3 16. bxc3 Qa5 17. Ne2 Ba6 18. Re1 e5 19. d5 Nd4 20. Nxd4 cxd4 21. Bf1 Bxf1 22. Kxf1 f5 23. Qg5 Rbe8 24. cxd4 exd4 25. Qf4 Nxd5 26. Qxd6 fxe4 27. Nb2 Rf6 28. Qd7+ Re7 0-1

[Event "LSS No Engine Cup 77 Preliminary 1"]
[Site "LSS email"]
[Date "2012.11.21"]
[Round "?"]
[White "Zuttion, Stella Maris"]
[Black "Vontina, Maria"]
[Result "1-0"]
[WhiteElo "1404"]
[BlackElo "772"]
[PlyCount "87"]
[EventDate "2012.11.22"]
[EventType "tourn (corr)"]
[EventRounds "6"]
[EventCountry "GER"]
[SourceTitle "Telechess CBM 161"]
[Source "ChessBase"]
[SourceDate "2014.07.16"]
[SourceVersion "1"]
[SourceVersionDate "2014.07.16"]
[SourceQuality "1"]

1. e4 c5 2. Nc3 Nc6 3. g3 d6 4. Bg2 Nf6 5. d3 g6 6. Be3 Bg7 7. h3 0-0 8. Qd2 a6 9. f4 b5 10. Nf3 Nd7 11. 0-0 Rb8 12. Rab1 a5 13. f5 Nce5 14. Bh6 Nxf3+ 15. Bxf3 Ne5 16. Bg2 Bd7 17. g4 a4 18. Bxg7 Kxg7 19. g5 b4 20. Nd5 e6 21. f6+ Kg8 22. Ne7+ Kh8 23. Qf4 Bb5 24. Qh4 Nc6 25. Qh6 Rg8 26. Nxg8 Qxg8 27. h4 Ne5 28. Bh3 b3 29. axb3 axb3 30. c4 Bc6 31. Rbd1 d5 32. exd5 exd5 33. cxd5 Bxd5 34. h5 gxh5 35. Qxh5 Qg6 36. Qxg6 hxg6 37. Kf2 Kg8 38. Kg3 Kf8 39. d4 cxd4 40. Rxd4 Ba8 41. Rfd1 Bc6 42. Rd8+ Rxd8 43. Rxd8+ Be8 44. Bf1 1-0

[Event "SD-2012-0-00151"]
[Site "LSS email"]
[Date "2012.11.18"]
[Round "?"]
[White "Zuttion, Stella Maris"]
[Black "Casser, Aaron"]
[Result "1/2-1/2"]
[WhiteElo "1404"]
[BlackElo "1391"]
[PlyCount "65"]
[EventDate "2012.09.22"]
[EventType "tourn (corr)"]
[EventRounds "6"]
[EventCountry "GER"]
[SourceTitle "Telechess CBM 161"]
[Source "ChessBase"]
[SourceDate "2014.07.16"]
[SourceVersion "1"]
[SourceVersionDate "2014.07.16"]
[SourceQuality "1"]

1. c4 Nf6 2. Nc3 g6 3. g3 Bg7 4. Bg2 0-0 5. e4 d6 6. d4 c5 7. Nge2 Nc6 8. dxc5 dxc5 9. 0-0 Ne5 10. Qb3 Qb6 11. Be3 Rd8 12. Nd5 Nxd5 13. exd5 Bf5 14. Nf4 Ng4 15. Bc1 Bd4 16. h3 Ne5 17. g4 Qxb3 18. axb3 Bc2 19. Ra3 a6 20. Ne2 Nd3 21. Nxd4 cxd4 22. Be4 Nxc1 23. Bxc2 Ne2+ 24. Kh2 Nf4 25. Be4 Rd7 26. Rd1 e5 27. dxe6 fxe6 28. c5 Rc8 29. b4 e5 30. Kg3 Kg7 31. Rd2 h6 32. h4 Kf7 33. f3 1/2-1/2

[Event "SD-2012-0-00151"]
[Site "LSS email"]
[Date "2012.11.17"]
[Round "?"]
[White "Michos, Dionyssios"]
[Black "Zuttion, Stella Maris"]
[Result "1-0"]
[WhiteElo "1674"]
[BlackElo "1404"]
[PlyCount "39"]
[EventDate "2012.09.22"]
[EventType "tourn (corr)"]
[EventRounds "6"]
[EventCountry "GER"]
[SourceTitle "Telechess CBM 161"]
[Source "ChessBase"]
[SourceDate "2014.07.16"]
[SourceVersion "1"]
[SourceVersionDate "2014.07.16"]
[SourceQuality "1"]

1. e4 Nf6 2. e5 Nd5 3. d4 d6 4. Nf3 Bg4 5. Bb5+ c6 6. Be2 dxe5 7. Nxe5 Bxe2 8. Qxe2 e6 9. 0-0 Nd7 10. c4 N5f6 11. Bf4 Qb6 12. Rd1 Be7 13. Nc3 0-0 14. Nxd7 Nxd7 15. d5 cxd5 16. cxd5 e5 17. d6 Bf6 18. Be3 Qb4 19. Nd5 Qxd6 20. Nxf6+ 1-0

[Event "LSS No Engine Cup 64 Preliminary 7"]
[Site "LSS email"]
[Date "2012.04.21"]
[Round "?"]
[White "Ruzicka, Richard"]
[Black "Zuttion, Stella Maris"]
[Result "1/2-1/2"]
[WhiteElo "1571"]
[BlackElo "1445"]
[PlyCount "70"]
[EventDate "2012.04.22"]
[EventType "tourn (corr)"]
[EventRounds "6"]
[EventCountry "GER"]
[SourceTitle "Telechess CBM 165"]
[Source "ChessBase"]
[SourceDate "2015.03.11"]
[SourceVersion "1"]
[SourceVersionDate "2015.03.11"]
[SourceQuality "1"]

1. e4 e5 2. Nf3 Nc6 3. Bb5 a6 4. Ba4 Nf6 5. 0-0 b5 6. Bb3 Be7 7. c3 0-0 8. Re1 d5 9. exd5 Nxd5 10. Nxe5 Nxe5 11. Rxe5 c6 12. d4 Bd6 13. Re1 Qh4 14. g3 Qh3 15. Re4 g5 16. Qf1 Qh5 17. Nd2 Bf5 18. Bd1 Qg6 19. Re1 Rae8 20. Nf3 Rxe1 21. Qxe1 f6 22. a4 Re8 23. Be3 Bg4 24. axb5 axb5 25. Ne5 fxe5 26. Bxg4 exd4 27. cxd4 Nxe3 28. fxe3 Qe4 29. Qe2 Qxe3+ 30. Qxe3 Rxe3 31. Bd7 c5 32. d5 Rb3 33. Ra6 Be5 34. Be6+ Kg7 35. d6 Rxb2 1/2-1/2

[Event "BI-2012-P-00002"]
[Site "LSS email"]
[Date "2012.04.20"]
[Round "?"]
[White "Niewold, Jaap"]
[Black "Zuttion, Stella Maris"]
[Result "1-0"]
[WhiteElo "1694"]
[BlackElo "1441"]
[PlyCount "73"]
[EventDate "2012.04.22"]
[EventType "tourn (corr)"]
[EventRounds "10"]
[EventCountry "GER"]
[SourceTitle "Telechess CBM 153"]
[Source "ChessBase"]
[SourceDate "2013.03.14"]
[SourceVersion "1"]
[SourceVersionDate "2013.03.14"]
[SourceQuality "1"]

1. e4 e5 2. Nf3 Nc6 3. Bb5 a6 4. Ba4 Nf6 5. 0-0 Be7 6. Re1 b5 7. Bb3 0-0 8. h3 d5 9. exd5 Nxd5 10. Nxe5 Nxe5 11. Rxe5 c6 12. Re1 Bd6 13. Nc3 Nxc3 14. dxc3 Qf6 15. Qh5 Qf5 16. Qxf5 Bxf5 17. g4 Bg6 18. f4 h5 19. f5 Bh7 20. a4 hxg4 21. hxg4 Rfe8 22. Rxe8+ Rxe8 23. axb5 axb5 24. Kf2 Bc5+ 25. Kf3 Kf8 26. Ra6 Rc8 27. c4 bxc4 28. Bxc4 Bg8 29. g5 f6 30. Bxg8 Kxg8 31. g6 Bd4 32. b3 Kf8 33. Ba3+ Kg8 34. Bd6 Bb2 35. Ke4 Bc3 36. b4 Bb2 37. c4 1-0

[Event "BI-2012-P-00002"]
[Site "LSS email"]
[Date "2012.04.20"]
[Round "?"]
[White "Zuttion, Stella Maris"]
[Black "Lombardi, Donato"]
[Result "1-0"]
[WhiteElo "1441"]
[BlackElo "804"]
[PlyCount "67"]
[EventDate "2012.04.22"]
[EventType "tourn (corr)"]
[EventRounds "10"]
[EventCountry "GER"]
[SourceTitle "Telechess CBM 153"]
[Source "ChessBase"]
[SourceDate "2013.03.14"]
[SourceVersion "1"]
[SourceVersionDate "2013.03.14"]
[SourceQuality "1"]

1. e4 e6 2. d4 d5 3. Nd2 Nf6 4. e5 Nfd7 5. f4 c5 6. Ngf3 cxd4 7. Nb3 Bb4+ 8. Bd2 Nc6 9. Bxb4 Nxb4 10. Nbxd4 0-0 11. a3 Nc6 12. b4 a6 13. c4 Nxd4 14. Qxd4 Qb6 15. cxd5 Qxd4 16. Nxd4 exd5 17. Rc1 Re8 18. Be2 Nb6 19. Rc7 Nc4 20. Bf3 Nxa3 21. Bxd5 Rf8 22. 0-0 Nb5 23. Nxb5 axb5 24. f5 Ra4 25. e6 fxe6 26. fxe6 Rxf1+ 27. Kxf1 Kf8 28. Rxc8+ Ke7 29. Rc7+ Kd6 30. Rd7+ Ke5 31. e7 Ra8 32. Rd8 Ra1+ 33. Kf2 Rd1 34. e8Q+ 1-0

[Event "BI-2012-P-00002"]
[Site "LSS email"]
[Date "2012.04.20"]
[Round "?"]
[White "Zuttion, Stella Maris"]
[Black "Tausnev, Vladimir"]
[Result "1-0"]
[WhiteElo "1441"]
[BlackElo "1862"]
[PlyCount "59"]
[EventDate "2012.04.22"]
[EventType "tourn (corr)"]
[EventRounds "10"]
[EventCountry "GER"]
[SourceTitle "Telechess CBM 153"]
[Source "ChessBase"]
[SourceDate "2013.03.14"]
[SourceVersion "1"]
[SourceVersionDate "2013.03.14"]
[SourceQuality "1"]

1. e4 c5 2. Nc3 Nc6 3. g3 g6 4. Bg2 Bg7 5. d3 d6 6. Be3 e6 7. Qd2 Nf6 8. Bh6 0-0 9. h4 Bxh6 10. Qxh6 Nd4 11. 0-0-0 Ng4 12. Qd2 b5 13. f3 Nf6 14. Nce2 e5 15. g4 b4 16. Nxd4 cxd4 17. h5 Be6 18. Qxb4 Rb8 19. Qa3 g5 20. h6 Qc7 21. Ne2 Rfc8 22. Rd2 d5 23. Kd1 Rb6 24. Ke1 Qb7 25. b3 Ra6 26. Qc1 Ne8 27. exd5 Bxd5 28. Kf2 Qb6 29. Kg3 f5 30. gxf5 1-0

[Event "BI-2012-P-00002"]
[Site "LSS email"]
[Date "2012.04.20"]
[Round "?"]
[White "Zuttion, Stella Maris"]
[Black "Torfs, Gert"]
[Result "1-0"]
[WhiteElo "1441"]
[BlackElo "838"]
[PlyCount "45"]
[EventDate "2012.04.22"]
[EventType "tourn (corr)"]
[EventRounds "10"]
[EventCountry "GER"]
[SourceTitle "Telechess CBM 153"]
[Source "ChessBase"]
[SourceDate "2013.03.14"]
[SourceVersion "1"]
[SourceVersionDate "2013.03.14"]
[SourceQuality "1"]

1. c4 Nf6 2. Nc3 Nc6 3. e4 e5 4. g3 Bb4 5. Bg2 0-0 6. Nge2 Nd4 7. a3 Bxc3 8. bxc3 Nxe2 9. Qxe2 d6 10. d4 Be6 11. d5 Bd7 12. Rb1 Rb8 13. Be3 a6 14. h3 Qc8 15. g4 c6 16. Rb6 Qc7 17. 0-0 c5 18. Rb2 Qa5 19. g5 Nh5 20. Qxh5 Qxc3 21. Rb6 Rfd8 22. Rxd6 Bg4 23. Rxd8+ 1-0

[Event "BI-2012-P-00002"]
[Site "LSS email"]
[Date "2012.04.20"]
[Round "?"]
[White "Zuttion, Stella Maris"]
[Black "Van Seben, Edgar"]
[Result "0-1"]
[WhiteElo "1441"]
[BlackElo "2426"]
[PlyCount "90"]
[EventDate "2012.04.22"]
[EventType "tourn (corr)"]
[EventRounds "10"]
[EventCountry "GER"]
[SourceTitle "Telechess CBM 153"]
[Source "ChessBase"]
[SourceDate "2013.03.14"]
[SourceVersion "1"]
[SourceVersionDate "2013.03.14"]
[SourceQuality "1"]

1. e4 c5 2. Nc3 Nc6 3. g3 g6 4. Bg2 Bg7 5. d3 d6 6. Be3 Rb8 7. Qd2 b5 8. a3 a5 9. Rb1 b4 10. axb4 axb4 11. Nce2 Nf6 12. h3 0-0 13. f4 b3 14. c3 Bb7 15. Nf3 c4 16. 0-0 Na5 17. e5 dxe5 18. Nxe5 cxd3 19. Qxd3 Qxd3 20. Nxd3 Nc4 21. Ba7 Bxg2 22. Kxg2 Rbd8 23. Rfd1 Ne4 24. Ra1 Ned2 25. Nec1 Rd5 26. Re1 Nxb2 27. Nxb2 Bxc3 28. Ncd3 Nc4 29. Nxc4 Bxa1 30. Nb4 Rb5 31. Rxa1 Rxb4 32. Nb2 Ra8 33. Ra5 Rb7 34. Bb6 Rxa5 35. Bxa5 Rb5 36. Bc3 g5 37. Kf3 f6 38. Nd3 Kf7 39. Ke4 gxf4 40. gxf4 Rh5 41. Nf2 Kg6 42. Kf3 Rc5 43. Nd1 Rc4 44. Kg3 Kh5 45. Bb2 Rc2 0-1

[Event "ZL-2012-0-01132"]
[Site "LSS email"]
[Date "2012.04.12"]
[Round "?"]
[White "Zuttion, Stella Maris"]
[Black "Erdem, Naci"]
[Result "1-0"]
[WhiteElo "1441"]
[BlackElo "1206"]
[PlyCount "49"]
[EventDate "2012.04.07"]
[EventType "match (corr)"]
[EventRounds "2"]
[EventCountry "GER"]
[SourceTitle "Telechess CBM 153"]
[Source "ChessBase"]
[SourceDate "2013.03.14"]
[SourceVersion "1"]
[SourceVersionDate "2013.03.14"]
[SourceQuality "1"]

1. c4 e5 2. Nc3 Nf6 3. g3 d5 4. cxd5 Nxd5 5. Bg2 Be6 6. d3 Bb4 7. Bd2 0-0 8. a3 Bxc3 9. bxc3 Nc6 10. Rb1 b6 11. c4 Nf6 12. Bxc6 Rb8 13. Bb4 Qd4 14. Nf3 Qg4 15. Bxf8 Kxf8 16. h3 Qg6 17. Nxe5 Qf5 18. Ng4 Nxg4 19. hxg4 Qxg4 20. Rxh7 Kg8 21. Rh4 Qg6 22. Qa4 a5 23. Qxa5 Bf5 24. Qa7 Rc8 25. Qa4 1-0

[Event "OP-2012-0-02136"]
[Site "LSS email"]
[Date "2012.04.04"]
[Round "?"]
[White "Venturas, Bob"]
[Black "Zuttion, Stella Maris"]
[Result "0-1"]
[WhiteElo "717"]
[BlackElo "1409"]
[PlyCount "36"]
[EventDate "2012.04.01"]
[EventType "tourn (corr)"]
[EventRounds "4"]
[EventCountry "GER"]
[SourceTitle "Telechess CBM 153"]
[Source "ChessBase"]
[SourceDate "2013.03.14"]
[SourceVersion "1"]
[SourceVersionDate "2013.03.14"]
[SourceQuality "1"]

1. e4 Nf6 2. e5 Nd5 3. Qf3 Nb6 4. c4 d6 5. Qe4 dxe5 6. c5 N6d7 7. d4 exd4 8. Qxd4 Nc6 9. Qe3 e6 10. Qg3 Nxc5 11. Bb5 Bd7 12. Nf3 Ne4 13. Qh4 Bb4+ 14. Ke2 Nd4+ 15. Kf1 Bxb5+ 16. Kg1 Ne2+ 17. Kf1 Nxc1+ 18. Kg1 Qd1+ 0-1

[Event "SE-2012-0-00101"]
[Site "LSS email"]
[Date "2012.02.25"]
[Round "?"]
[White "Zuttion, Stella Maris"]
[Black "Kraujunas, Vladas"]
[Result "1-0"]
[WhiteElo "1431"]
[BlackElo "1493"]
[PlyCount "79"]
[EventDate "2012.01.16"]
[EventType "tourn (corr)"]
[EventRounds "6"]
[EventCountry "GER"]
[SourceTitle "Telechess CBM 159"]
[Source "ChessBase"]
[SourceDate "2014.03.17"]
[SourceVersion "1"]
[SourceVersionDate "2014.03.17"]
[SourceQuality "1"]

1. e4 c5 2. Nc3 d6 3. g3 Nc6 4. Bg2 Nf6 5. d3 e6 6. h3 Be7 7. f4 0-0 8. Nf3 Bd7 9. 0-0 Qb6 10. Kh2 d5 11. exd5 exd5 12. Ne5 Be6 13. Ng4 Nxg4+ 14. hxg4 d4 15. Nd5 Bxd5 16. Bxd5 Rae8 17. g5 Nb4 18. Be4 f5 19. gxf6 Bxf6 20. a3 Nc6 21. Kg2 Ne7 22. Rh1 g6 23. Qg4 Bg7 24. Qd7 Nf5 25. Qxb7 Qxb7 26. Bxb7 Ne3+ 27. Bxe3 dxe3 28. Bd5+ Kh8 29. c3 g5 30. Be4 gxf4 31. Rxh7+ Kg8 32. Rh4 Rxe4 33. dxe4 f3+ 34. Kf1 Rd8 35. Re1 Rd3 36. g4 f2 37. Rb1 Bf6 38. Rh5 c4 39. Rd5 Kf7 40. Rd1 1-0

[Event "SE-2012-0-00101"]
[Site "LSS email"]
[Date "2012.02.20"]
[Round "?"]
[White "Molano Lafuente, Ismael"]
[Black "Zuttion, Stella Maris"]
[Result "0-1"]
[WhiteElo "1035"]
[BlackElo "1431"]
[PlyCount "24"]
[EventDate "2012.01.16"]
[EventType "tourn (corr)"]
[EventRounds "6"]
[EventCountry "GER"]
[SourceTitle "Corr 2015"]
[Source "ChessBase"]
[SourceDate "2015.07.17"]
[SourceVersion "1"]
[SourceVersionDate "2015.07.17"]
[SourceQuality "1"]

1. e4 Nf6 2. e5 Nd5 3. Nc3 Nxc3 4. dxc3 d5 5. Be3 e6 6. Qd2 c5 7. Nf3 Nc6 8. 0-0-0 Qc7 9. Bf4 Be7 10. Bd3 h6 11. h3 c4 12. Be2 b5 0-1

[Event "SE-2011-0-00092"]
[Site "LSS email"]
[Date "2011.11.18"]
[Round "?"]
[White "Zuttion, Stella Maris"]
[Black "Albesa, Alfredo Ricardo"]
[Result "1/2-1/2"]
[WhiteElo "1409"]
[BlackElo "1548"]
[PlyCount "69"]
[EventDate "2011.10.19"]
[EventType "tourn (corr)"]
[EventRounds "6"]
[EventCountry "GER"]
[SourceTitle "Telechess CBM 153"]
[Source "ChessBase"]
[SourceDate "2013.03.14"]
[SourceVersion "1"]
[SourceVersionDate "2013.03.14"]
[SourceQuality "1"]

1. e4 c5 2. Nc3 Nc6 3. g3 g6 4. Bg2 Bg7 5. d3 d6 6. Be3 e6 7. Qd2 Rb8 8. Nge2 Nd4 9. a3 Ne7 10. h4 Nec6 11. 0-0-0 h5 12. f4 b5 13. e5 d5 14. b3 0-0 15. g4 hxg4 16. h5 gxh5 17. Rxh5 Qa5 18. Kb2 b4 19. axb4 Qxb4 20. Nxd4 cxd4 21. Na2 Qc5 22. Bf2 f6 23. exf6 Rxf6 24. Qe2 Rb6 25. Be1 e5 26. fxe5 Re6 27. Kb1 Rxe5 28. Rxe5 Nxe5 29. Bb4 Qb5 30. Rf1 Be6 31. Bf8 Bxf8 32. Qxe5 Bg7 33. Qh5 a5 34. Qg6 Qd7 35. Nc1 1/2-1/2

[Event "ZL-2011-0-00956"]
[Site "LSS email"]
[Date "2011.07.22"]
[Round "?"]
[White "Zuttion, Stella Maris"]
[Black "Horse, Madera"]
[Result "1-0"]
[WhiteElo "1203"]
[BlackElo "1237"]
[PlyCount "37"]
[EventDate "2011.07.07"]
[EventType "match (corr)"]
[EventRounds "2"]
[EventCountry "GER"]
[SourceTitle "Telechess CBM 151"]
[Source "ChessBase"]
[SourceDate "2012.11.13"]
[SourceVersion "1"]
[SourceVersionDate "2012.11.13"]
[SourceQuality "1"]

1. c4 b6 2. d4 Bb7 3. Nc3 e6 4. e4 Bb4 5. f3 f5 6. d5 fxe4 7. Qc2 exd5 8. cxd5 Bxd5 9. Bd2 Bxc3 10. Bxc3 Nf6 11. 0-0-0 c6 12. fxe4 Nxe4 13. Bd4 Qg5+ 14. Kb1 0-0 15. Bd3 Nf2 16. Nf3 Bxf3 17. gxf3 Nxd1 18. Rg1 Qh6 19. Bxg7 1-0

[Event "ZN-2011-0-01569"]
[Site "LSS email"]
[Date "2011.06.15"]
[Round "?"]
[White "Salinas, Evin"]
[Black "Zuttion, Stella Maris"]
[Result "0-1"]
[WhiteElo "716"]
[BlackElo "1163"]
[PlyCount "68"]
[EventDate "2011.06.13"]
[EventType "match (corr)"]
[EventRounds "2"]
[EventCountry "GER"]
[SourceTitle "Telechess CBM 145"]
[Source "Chessbase"]
[SourceDate "2011.11.11"]
[SourceVersion "1"]
[SourceVersionDate "2011.11.11"]
[SourceQuality "1"]

1. c4 c5 2. g3 Nc6 3. Bg2 g6 4. Nf3 Bg7 5. 0-0 e5 6. e4 d6 7. Nc3 Nge7 8. a3 0-0 9. d3 Nd4 10. b4 b6 11. Be3 Bg4 12. Bxd4 exd4 13. Nd5 Nxd5 14. cxd5 f5 15. h3 fxe4 16. dxe4 Bd7 17. Rb1 Qc8 18. Qd2 Bxh3 19. Ng5 Bg4 20. f3 Bd7 21. Bh1 h6 22. Ne6 Bxe6 23. dxe6 Qxe6 24. Rbe1 Qh3 25. Re2 d3 26. Qxd3 Bd4+ 27. Rff2 Qxg3+ 28. Bg2 Kg7 29. Kf1 Bxf2 30. Rxf2 g5 31. Qd1 Rac8 32. Bh1 cxb4 33. axb4 Rc4 34. Qe2 Rc1+ 0-1

[Event "SN-2011-0-00340"]
[Site "LSS email"]
[Date "2011.05.10"]
[Round "?"]
[White "Verich, Oleg"]
[Black "Zuttion, Stella Maris"]
[Result "0-1"]
[WhiteElo "1012"]
[BlackElo "1203"]
[PlyCount "94"]
[EventDate "2011.04.29"]
[EventType "tourn (corr)"]
[EventRounds "6"]
[EventCountry "GER"]
[SourceTitle "Telechess CBM 147"]
[Source "ChessBase"]
[SourceDate "2012.03.16"]
[SourceVersion "1"]
[SourceVersionDate "2012.03.16"]
[SourceQuality "1"]

1. e4 c5 2. Nf3 e6 3. c3 Nf6 4. d3 Nc6 5. Be2 d5 6. Nbd2 Be7 7. 0-0 0-0 8. Re1 h6 9. Nf1 dxe4 10. dxe4 Nxe4 11. Be3 Nf6 12. Qc2 Qc7 13. Ng3 b6 14. Rad1 Bb7 15. Qc1 Ng4 16. h3 Nxe3 17. Qxe3 Bd6 18. Ne4 Bf4 19. Qd3 Rad8 20. Qb1 Ne5 21. Nxe5 Bxe5 22. Bf3 Ba6 23. Be2 Bxe2 24. Rxe2 Rxd1+ 25. Qxd1 Rd8 26. Rd2 Rxd2 27. Nxd2 Qd6 28. Qe2 Bf4 29. Nf3 Qd5 30. c4 Qf5 31. g3 Bc7 32. Kg2 e5 33. Nh4 Qe6 34. b3 e4 35. Qg4 Qxg4 36. hxg4 g6 37. Kf1 Kg7 38. Ke2 Kf6 39. Ng2 Ke5 40. Ke3 Bd8 41. Kd2 Kd4 42. Kc2 h5 43. gxh5 gxh5 44. Nf4 h4 45. Kd2 Bg5 46. Ke2 Bxf4 47. gxf4 f5 0-1

[Event "ZN-2011-0-01485"]
[Site "LSS email"]
[Date "2011.05.09"]
[Round "?"]
[White "O'Brien, Glenn"]
[Black "Zuttion, Stella Maris"]
[Result "0-1"]
[WhiteElo "987"]
[BlackElo "800"]
[PlyCount "74"]
[EventDate "2011.05.06"]
[EventType "match (corr)"]
[EventRounds "2"]
[EventCountry "GER"]
[SourceTitle "Telechess CBM 145"]
[Source "Chessbase"]
[SourceDate "2011.11.11"]
[SourceVersion "1"]
[SourceVersionDate "2011.11.11"]
[SourceQuality "1"]

1. e4 c5 2. Nf3 e6 3. d4 cxd4 4. Nxd4 a6 5. Nc3 Nc6 6. Be3 Qc7 7. Be2 b5 8. Ncxb5 axb5 9. Nxb5 Qa5+ 10. Bd2 Qd8 11. 0-0 Ba6 12. Bf4 Bxb5 13. Bxb5 Nf6 14. e5 Nd5 15. Bg3 Bc5 16. Qg4 0-0 17. Rfd1 f5 18. Qh5 Qc7 19. c4 Nde7 20. Bf4 Ng6 21. Bxc6 dxc6 22. g3 Qb6 23. Qe2 Rfd8 24. b3 Rxd1+ 25. Rxd1 Qa5 26. a4 Qc3 27. Qd3 Qb2 28. Qf3 Rb8 29. Qxc6 Qxf2+ 30. Kh1 Qe2 31. Qxe6+ Kh8 32. Qd5 Rxb3 33. Rc1 Rb2 34. g4 h6 35. Bg3 f4 36. Re1 Qxg4 37. Qd8+ Kh7 0-1

[Event "SN-2011-0-00340"]
[Site "LSS email"]
[Date "2011.05.09"]
[Round "?"]
[White "Zuttion, Stella Maris"]
[Black "Brough, Carl"]
[Result "1-0"]
[WhiteElo "1203"]
[BlackElo "687"]
[PlyCount "53"]
[EventDate "2011.04.29"]
[EventType "tourn (corr)"]
[EventRounds "6"]
[EventCountry "GER"]
[SourceTitle "Telechess CBM 151"]
[Source "ChessBase"]
[SourceDate "2012.11.13"]
[SourceVersion "1"]
[SourceVersionDate "2012.11.13"]
[SourceQuality "1"]

1. c4 e5 2. Nc3 Bc5 3. g3 Nf6 4. Bg2 Ng4 5. e3 Nc6 6. Qxg4 g6 7. a3 d6 8. Qd1 Bd7 9. b4 Bb6 10. Nge2 Qe7 11. 0-0 0-0 12. d4 exd4 13. exd4 Qf6 14. c5 dxc5 15. dxc5 Rad8 16. Be3 Bg4 17. Qc2 Bxe2 18. Nxe2 Rfe8 19. cxb6 axb6 20. Rad1 b5 21. Rxd8 Rxd8 22. h4 Qe6 23. Nf4 Qe5 24. Bxc6 bxc6 25. Qxc6 Qe7 26. Nd5 Qe4 27. Nf6+ 1-0

[Event "ZN-2011-0-01486"]
[Site "LSS email"]
[Date "2011.05.09"]
[Round "?"]
[White "Zuttion, Stella Maris"]
[Black "Tascier, Fadil"]
[Result "1-0"]
[WhiteElo "1203"]
[BlackElo "787"]
[PlyCount "51"]
[EventDate "2011.05.06"]
[EventType "match (corr)"]
[EventRounds "2"]
[EventCountry "GER"]
[SourceTitle "Telechess CBM 151"]
[Source "ChessBase"]
[SourceDate "2012.11.13"]
[SourceVersion "1"]
[SourceVersionDate "2012.11.13"]
[SourceQuality "1"]

1. c4 e5 2. Nc3 Nf6 3. g3 Bc5 4. Bg2 c6 5. d3 Ng4 6. Nh3 Qf6 7. 0-0 d6 8. Ne4 Qd8 9. Nxc5 dxc5 10. Rb1 Nd7 11. b4 0-0 12. bxc5 Nxc5 13. Ba3 Qd4 14. e3 Nxe3 15. fxe3 Qxe3+ 16. Nf2 b6 17. Re1 Qg5 18. Bxc5 Rd8 19. Be3 Qf6 20. Qf3 Qxf3 21. Bxf3 Bb7 22. a4 Rab8 23. a5 b5 24. Bxa7 Ra8 25. Bb6 f5 26. cxb5 1-0